01137nab a22001937a 4500003000400000005001700004008004100021040000700062100002800069245015700097260007200254300001300326500005000339505028600389505009000675650002000765653002600785773013200811OSt20260116160025.0190605e xxu||||| |||| 00| 0 spa d cPJ aGurdulich, Graciela M. 10aLey Bases y Puntos de Partida para la Libertad de los Argentinos (ley 27.742). Título IV: Promoción del Empleo Registrado /cGraciela M. Gurdulich.  aCiudad Autónoma de Buenos Aires :bThomson Reuters La Ley,c2025. ap. 43-45 aCita Online: Cita: TR LALEY AR/DOC/861/2025. aSumario: I. Introducción.— II. Análisis.— III. El problema que suscita la condonación de aportes y contribuciones al SIPA (Sistema Integrado Previsional Argentino, ley 24.241).— IV. Naturaleza de los recursos.— V. Colofón.— VI. El dec. 847/2024 (BO 26/09/2024).  t¿Te interesa el texto completo? Solicitalo al correo: koha@justierradelfuego.gov.ar  0aDERECHO LABORAL aMORATORIA PREVISIONAL0 02711dCiudad Autónoma de Buenos Aires : Thomson Reuters La Ley, 1999-2002.tRevista de derecho del trabajo. Nº 3 - Mayo 2025